| 000 | 02648cam a2200349 i 4500 | ||
|---|---|---|---|
| 003 | SA-RiAUC | ||
| 005 | 20241230084125.0 | ||
| 008 | 241014s1998 le g 00000 ara c | ||
| 024 | 0 | _a00000000977572 | |
| 040 |
_aSA-RiAUC _bara _cSA-RiAUC _dAE-DuMBRL _erda |
||
| 043 | _aa-su--- | ||
| 050 | 4 | _b.S53 1998 | |
| 082 | 0 | 4 |
_a237.3 _qSA-RiAUC |
| 090 |
_a237.3 _bش ط ا |
||
| 100 | 1 |
_aشطا، محمد سعيد بن عثمان بن محمد _eمؤلف. |
|
| 245 | 1 | 0 |
_aمواطن إجابة الدعاء بمكة المكرمة، المسمى، مجموع الذخائر المكية / _cتأليف محمد سعيد بن عثمان بن محمد شطا ؛ دراسة وتحقيق عبد الله نذير أحمد. |
| 246 | 3 | 3 | _aمجموع الذخائر المكية |
| 250 | _aالطبعة الأولى. | ||
| 264 | 1 |
_aبيروت : _bدار البشائر الإسلامية، _c1998. |
|
| 300 |
_a88 صفحة ؛ _c21 × 14 سم |
||
| 336 |
_aنص _btxt _2rdacontent _3كتاب |
||
| 337 |
_aبدون وسيط _bn _2rdamedia |
||
| 338 |
_aمجلد _bnc _2rdacarrier |
||
| 520 | _aيتناول كتاب (مواطن إجابة الدعاء بمكة المكرمة المسمى مجموع الذخائر المكية) والذي قام بتأليفه محمد سعيد بن عثمان بن محمد شطا، موضوع (إجابة الدعاء) الكتاب يخبرنا مؤلفه عن أماكن إجابة الدعاء بمكة المكرمة، أنه ينبغي لنا أولا أن نتحرى الأوقات المخصصة في الأماكن المقدسة، التي بالبيت السعيد، من الصلاة في وقتها، والأدعية المسنونة في أوقاتها لإجابة الدعاء فيها، لأنها معدن الإجابة. ثم ذكر أن عدد الأماكن المقدسة المشهورة التي وردت الأحاديث في فضلها لإجابة الادعية المأثورة، هي ثمانية عشر موضعا ذكرها جميعا بالتفصيل بهذا الكتاب. | ||
| 650 | 7 |
_aالأدعية والأوراد _2aucsh |
|
| 650 | 7 |
_aالعبادات (فقه إسلامي) _2aucsh |
|
| 700 | 1 |
_aمزي، عبد الله نذير أحمد _eمحقق. |
|
| 700 | 1 | 2 |
_iتحقيق لـ (عمل) : _aشطا، محمد سعيد بن عثمان بن محمد. _tمواطن إجابة الدعاء بمكة المكرمة، المسمى، مجموع الذخائر المكية. |
| 942 |
_2ddc _cBOOK _n0 |
||
| 949 |
_aSA-JeALM _d241014 _umohamedma123 _n1 |
||
| 999 |
_c1387 _d1387 |
||